El embajador /

Guardado en:
Detalles Bibliográficos
Autor principal: West, Morris (autor)
Formato: Libro
Idioma:Español
Publicado: Santiago, Chile : Pomaire, 1965, c1965
Etiquetas: Agrega una etiqueta
Sin etiquetas, Sé el primero en etiquetar este registro!

MARC

LEADER 00000nam^a2200000^a^4500
001 000595706
005 20250521000000.0
009 20260310133051.873
037 |a Acervo ITESO - Biblioteca 
041 |a ESP 
091 |a FCR. 02050 
100 |a West, Morris  |e (autor) 
245 1 3 |a El embajador / 
264 4 |a Santiago, Chile :  |b Pomaire,  |c 1965, c1965 
300 |a 291 p. 
336 |a texto  |b txt  |2 rdacontenido 
337 |a sin mediación  |b n  |2 rdamedio 
338 |a volumen  |b nc  |2 rdasoporte 
649 |a XX 
910 |a Fondo Cristina Romo Gil 
920 |a Impresos - Libros 
930 |a Fondos Especiales 
940 |a Literatura 
905 |a 143 
901 |a 595706-10  |b IT2  |c ESP  |i D123694  |u 20250521 
902 |a https://opac.biblio.iteso.mx/vufind/Record/000595706